<?xml version="1.0" encoding="UTF-8"?>
<collection xmlns="http://www.loc.gov/MARC21/slim">
    <record>
        <controlfield tag="001">68450</controlfield>
        <controlfield tag="005">20180223095301.0</controlfield>
        <datafield tag="037" ind1=" " ind2=" ">
            <subfield code="a">GDOC-2016-67610</subfield>
        </datafield>
        <datafield tag="041" ind1=" " ind2=" ">
            <subfield code="a">spa</subfield>
        </datafield>
        <datafield tag="100" ind1=" " ind2=" ">
            <subfield code="0">(orcid)0000-0001-6907-8090</subfield>
            <subfield code="1">131363</subfield>
            <subfield code="a">Clemente López, Jesús Serafín</subfield>
        </datafield>
        <datafield tag="245" ind1="0" ind2="0">
            <subfield code="9">67610</subfield>
            <subfield code="a">Economía de la Unión Europea</subfield>
        </datafield>
        <datafield tag="242" ind1="0" ind2="0">
            <subfield code="9">67610</subfield>
            <subfield code="a">European Union economic policy</subfield>
        </datafield>
        <datafield tag="260" ind1=" " ind2=" ">
            <subfield code="a">Zaragoza</subfield>
            <subfield code="b">Universidad de Zaragoza</subfield>
            <subfield code="c">2016-2017</subfield>
        </datafield>
        <datafield tag="520" ind1=" " ind2=" ">
            <subfield code="a">Breve presentación de la asignatura
La asignatura Economía de la Unión Europea es una de las cuatro asignaturas obligatorias del Máster y junto a la asignatura de Presupuesto y Políticas de Gasto de la Unión Europea constituye el núcleo básico del módulo de Economía. Se desarrolla en el primer semestre del curso y equivale a 6 créditos ECTS. Su objetivo fundamental es conferir a los alumnos los conocimientos necesarios para poder interpretar los acontecimientos económicos, pasados y presentes, de la Unión Europea así como analizar los beneficios y los costes de pertenecer a un área integrada y cuestionar las distintas políticas macroeconómicas llevadas a cabo en el seno de la misma.</subfield>
            <subfield code="b"> </subfield>
        </datafield>
        <datafield tag="521" ind1=" " ind2=" ">
            <subfield code="9">644</subfield>
            <subfield code="a">Unión Europea</subfield>
        </datafield>
        <datafield tag="540" ind1=" " ind2=" ">
            <subfield code="a">by-nc-sa</subfield>
            <subfield code="b">Creative Commons</subfield>
            <subfield code="c">3.0</subfield>
            <subfield code="u">http://creativecommons.org/licenses/by-nc-sa/3.0/</subfield>
        </datafield>
        <datafield tag="700" ind1=" " ind2=" ">
            <subfield code="0">(orcid)0000-0001-7448-2346</subfield>
            <subfield code="1">144960</subfield>
            <subfield code="a">Sanz Villarroya, María Isabel</subfield>
        </datafield>
        <datafield tag="700" ind1=" " ind2=" ">
            <subfield code="0">(orcid)0000-0002-0661-0278</subfield>
            <subfield code="1">328085</subfield>
            <subfield code="a">Gracia Andía, Ana Belén</subfield>
        </datafield>
        <datafield tag="830" ind1=" " ind2=" ">
            <subfield code="9">524</subfield>
        </datafield>
        <datafield tag="856" ind1="4" ind2=" ">
            <subfield code="s">16507</subfield>
            <subfield code="u">http://zaguan.unizar.es/record/68450/files/guia-67610-es.pdf</subfield>
            <subfield code="y">Guía (idioma español)</subfield>
        </datafield>
        <datafield tag="856" ind1="4" ind2=" ">
            <subfield code="s">7313</subfield>
            <subfield code="u">http://zaguan.unizar.es/record/68450/files/guia-67610-en.pdf</subfield>
            <subfield code="y">Guide (english)</subfield>
        </datafield>
        <datafield tag="970" ind1=" " ind2=" ">
            <subfield code="a">GDOC-2016-67610</subfield>
        </datafield>
        <datafield tag="980" ind1=" " ind2=" ">
            <subfield code="a">GDOC</subfield>
            <subfield code="b">Ciencias sociales y jurídicas</subfield>
            <subfield code="c">109</subfield>
        </datafield>
    </record>

    
</collection>